[Event "Barber/Rockefeller Qualifier"]
[Site "Chess.com"]
[Date "2020.04.11"]
[Round "?"]
[White "Vangala, Advaith"]
[Black "Zeng, Chloe"]
[Result "1-0"]
[WhiteElo "972"]
[BlackElo "1245"]
[PlyCount "89"]
[EventDate "2020.??.??"]

1. d4 d5 2. Bf4 Nf6 3. Nf3 Bf5 4. e3 e6 5. Bd3 Bg6 6. Bxg6 hxg6 7. Nc3 Bb4 8.
O-O Nc6 9. Nb5 Bd6 10. Nxd6+ cxd6 11. Re1 Ne4 12. Qd3 Qf6 13. c4 Nb4 14. Qb3
Nc6 15. Qxb7 O-O 16. Qxc6 dxc4 17. Qxc4 d5 18. Qd3 g5 19. Be5 Qg6 20. Bg3 g4
21. Ne5 Qf5 22. Nd7 Rfd8 23. Nc5 Rab8 24. Nxe4 dxe4 25. Qe2 Rbc8 26. Qa6 Rc2
27. b3 e5 28. dxe5 Rdd2 29. Rf1 Re2 30. a4 Rb2 31. Rab1 Ra2 32. Ra1 Rac2 33.
Qxa7 Red2 34. Rfd1 Rxf2 35. Kh1 Rxg2 36. Rd8+ Kh7 37. Rg1 Rxh2+ 38. Bxh2 Qf3+
39. Rg2 Rc1+ 40. Bg1 Qh3+ 41. Rh2 g3 42. Rxh3+ Kg6 43. Rxg3+ Kh5 44. Qxf7+ Kh6
45. Rh8# 1-0

[Event "Barber/Rockefeller Qualifier"]
[Site "Chess.com"]
[Date "2020.04.11"]
[Round "?"]
[White "Zeng, Chloe"]
[Black "Razmov, Gabriel"]
[Result "0-1"]
[WhiteElo "1245"]
[BlackElo "983"]
[PlyCount "52"]
[EventDate "2020.??.??"]

1. e4 d5 2. d3 e5 3. Nf3 Nc6 4. Nc3 Nf6 5. Bg5 d4 6. Nd5 Be7 7. Nxf6+ Bxf6 8.
Bxf6 Qxf6 9. h3 O-O 10. Qd2 Be6 11. g4 g6 12. g5 Qe7 13. h4 Bg4 14. Be2 Rad8
15. O-O-O a5 16. Rdg1 Bh5 17. a3 b5 18. Rh2 b4 19. axb4 axb4 20. Rg3 Ra8 21. c3
b3 22. Kb1 Qd8 23. Nxe5 Ra1+ 24. Kxa1 Qa8+ 25. Kb1 Qa2+ 26. Kc1 Qa1# 0-1

[Event "Barber/Rockefeller Qualifier"]
[Site "Chess.com"]
[Date "2020.04.11"]
[Round "?"]
[White "Fong, Matthew"]
[Black "Zeng, Chloe"]
[Result "0-1"]
[WhiteElo "823"]
[BlackElo "1245"]
[PlyCount "124"]
[EventDate "2020.??.??"]

1. e4 e5 2. Nf3 Nc6 3. Bc4 Bc5 4. Ng5 Qxg5 5. d3 Qxg2 6. Rf1 Qg6 7. Qf3 Nf6 8.
Nc3 O-O 9. Be3 Bd4 10. Bxd4 Nxd4 11. Qe3 Nxc2+ 12. Ke2 Nxe3 13. Kxe3 Qh6+ 14.
Ke2 Qxh2 15. Rh1 Qf4 16. Rag1 Ng4 17. Kd1 Qf3+ 18. Kc2 Nxf2 19. Rf1 Qe2+ 20.
Nxe2 Nxh1 21. Rxh1 c6 22. Ng3 d5 23. exd5 cxd5 24. Bxd5 Be6 25. Bxe6 fxe6 26.
d4 exd4 27. Ne4 Rac8+ 28. Kb1 Rf4 29. Nd6 Rc6 30. Nxb7 d3 31. Rd1 Rd4 32. Nd8
Rcd6 33. Nb7 R6d5 34. a3 d2 35. b4 Re4 36. Nc5 Re1 37. Kc2 Rxd1 38. Kxd1 g5 39.
Nxe6 g4 40. Nf4 Rd4 41. Nh5 h6 42. b5 Rd5 43. a4 Rxh5 44. Kxd2 g3 45. Ke2 Rh2+
46. Kf1 g2+ 47. Kg1 Rh1+ 48. Kxg2 Ra1 49. Kg3 Rxa4 50. Kf3 Rb4 51. Kg3 Rxb5 52.
Kg4 a5 53. Kf3 a4 54. Ke2 a3 55. Kd2 a2 56. Kc3 a1=Q+ 57. Kc4 Qe5 58. Kd3 Rb4
59. Kc2 Qb2+ 60. Kd3 Qa3+ 61. Ke2 Rb2+ 62. Kf1 Qa1# 0-1

[Event "Barber/Rockefeller Qualifier"]
[Site "Chess.com"]
[Date "2020.04.11"]
[Round "?"]
[White "Zeng, Chloe"]
[Black "Desai, Samara"]
[Result "1/2-1/2"]
[WhiteElo "1245"]
[BlackElo "920"]
[PlyCount "114"]
[EventDate "2020.??.??"]

1. e4 e5 2. Nf3 Nc6 3. Bc4 Be7 4. Nc3 Nf6 5. d3 O-O 6. Be3 d6 7. O-O Bg4 8. Re1
a6 9. h3 Bxf3 10. Qxf3 b5 11. Bb3 a5 12. Nxb5 a4 13. Bc4 Nb4 14. Rac1 c6 15.
Nc3 d5 16. exd5 cxd5 17. Bb5 d4 18. Bd2 dxc3 19. bxc3 Nbd5 20. Qg3 g6 21. Bh6
Nxc3 22. Bxf8 Bxf8 23. Qxe5 Nxb5 24. Qxb5 Qb8 25. Qxb8 Rxb8 26. Re3 Bh6 27. Rf3
Bxc1 28. Rxf6 Bg5 29. Rc6 Bf4 30. g3 Be5 31. f4 Bd4+ 32. Kg2 Rb2 33. Kf3 Rxa2
34. c4 Rb2 35. Rc8+ Kg7 36. c5 a3 37. Ra8 Bxc5 38. Ra5 Be7 39. d4 a2 40. d5 Bf6
41. d6 Rd2 42. Ra6 a1=Q 43. Rxa1 Bxa1 44. Ke4 Rxd6 45. f5 gxf5+ 46. Kxf5 Rf6+
47. Kg4 Rg6+ 48. Kh4 Bf6+ 49. Kh5 Rxg3 50. h4 Kg8 51. Kh6 Rg6+ 52. Kh5 Rg1 53.
Kh6 Bxh4 54. Kh5 Bd8 55. Kh6 f6 56. Kh5 Rg5+ 57. Kh6 Ra5 1/2-1/2

[Event "Barber/Rockefeller Qualifier"]
[Site "Chess.com"]
[Date "2020.04.11"]
[Round "?"]
[White "Zeng, Chloe"]
[Black "Chapman, Toby"]
[Result "1-0"]
[WhiteElo "1245"]
[BlackElo "999"]
[PlyCount "105"]
[EventDate "2020.??.??"]

1. e4 e5 2. Nf3 Nc6 3. Bc4 d6 4. Nc3 Nf6 5. d3 Be6 6. Bb3 d5 7. Bg5 d4 8. Nd5
Bxd5 9. Bxd5 Ne7 10. Bb3 Ng4 11. h3 Nf6 12. O-O Nc6 13. Ba4 Be7 14. Nxe5 Qd6
15. Nxc6 bxc6 16. Bb3 Nd7 17. Qh5 Ne5 18. f4 Ng6 19. f5 O-O-O 20. fxg6 fxg6 21.
Qg4+ Kb8 22. Bxe7 Qxe7 23. Rf7 h5 24. Qxh5 Rxh5 25. Rxe7 Rf8 26. Rxg7 Rhh8 27.
Ba4 Rhg8 28. Rxg8 Rxg8 29. Rf1 c5 30. Bc6 g5 31. Bd5 Rd8 32. Bc6 a6 33. Rf5 g4
34. hxg4 Rg8 35. Rxc5 Kc8 36. Ra5 Kd8 37. Rxa6 Rg6 38. Ra8+ Ke7 39. Bd5 Kd6 40.
Bf7 Rf6 41. Ra6+ Ke7 42. Rxf6 Kxf6 43. Bc4 Kg5 44. a4 Kxg4 45. a5 Kf4 46. a6
Ke3 47. a7 Kd2 48. a8=Q Kxc2 49. Qd5 Kxb2 50. Qxd4+ Ka3 51. Qc3+ Ka4 52. Qb3+
Ka5 53. Qb5# 1-0

[Event "Barber/Rockefeller Qualifier"]
[Site "Chess.com"]
[Date "2020.04.11"]
[Round "?"]
[White "Smith, Cooper"]
[Black "Stein, Joshua"]
[Result "1-0"]
[WhiteElo "1195"]
[BlackElo "959"]
[PlyCount "105"]
[EventDate "2020.??.??"]

1. Nf3 Nc6 2. d4 d5 3. c4 e6 4. Nc3 Bb4 5. Bd2 Nf6 6. a3 Ba5 7. b4 Bb6 8. c5
Bxc5 9. bxc5 Ne4 10. Nxe4 dxe4 11. Ne5 Nxd4 12. Bc3 Nc6 13. Nxc6 Qxd1+ 14. Rxd1
bxc6 15. Bxg7 Rg8 16. Be5 Rg5 17. Bxc7 Rxc5 18. Bd6 Rd5 19. Rxd5 exd5 20. e3
Kd7 21. Bb4 a5 22. Bc3 Ba6 23. Bxa6 Rxa6 24. O-O c5 25. Rb1 Kc6 26. Kf1 Rb6 27.
Rxb6+ Kxb6 28. a4 c4 29. Bd4+ Kc6 30. Ke2 Kd6 31. Bb6 Kc6 32. Bxa5 Kc5 33. Bc3
f5 34. f3 h5 35. fxe4 dxe4 36. Kf2 Kd6 37. Kg3 Ke6 38. Kh4 Kd6 39. Kxh5 Ke6 40.
Kg6 Ke7 41. Kxf5 Kd6 42. h4 Ke7 43. h5 Kf7 44. a5 Ke7 45. a6 Kf7 46. a7 Ke7 47.
a8=Q Kf7 48. Qc6 Kf8 49. Ke6 Kg8 50. Kf6 Kh8 51. Qe8+ Kh7 52. Qg6+ Kh8 53. Ke7#
1-0

[Event "Barber/Rockefeller Qualifier"]
[Site "Chess.com"]
[Date "2020.04.11"]
[Round "?"]
[White "Murarka, Avni"]
[Black "Smith, Cooper"]
[Result "0-1"]
[WhiteElo "1143"]
[BlackElo "1195"]
[PlyCount "100"]
[EventDate "2020.??.??"]

1. e4 c6 2. d4 d5 3. Nc3 dxe4 4. Nxe4 Bf5 5. Nc3 e6 6. Nf3 Nf6 7. Bc4 Nbd7 8.
O-O b5 9. Bb3 a5 10. a3 Bd6 11. Bg5 O-O 12. Re1 h6 13. Bh4 Qc7 14. Bxf6 Nxf6
15. Ne5 Rfd8 16. Qf3 Bxe5 17. dxe5 Nd5 18. Nxd5 cxd5 19. Rad1 Qb8 20. Bxd5 Rxd5
21. Rxd5 exd5 22. Qxf5 Qc8 23. e6 fxe6 24. Qxe6+ Qxe6 25. Rxe6 Rc8 26. c3 d4
27. Re3 dxe3 28. fxe3 Rd8 29. Kf2 Rd2+ 30. Kf3 Rxb2 31. Ke4 b4 32. cxb4 axb4
33. axb4 Rxb4+ 34. Kd5 Kf7 35. e4 Rb2 36. e5 Rxg2 37. Kd6 Ke8 38. Ke6 Rxh2 39.
Kd6 g5 40. e6 g4 41. e7 g3 42. Ke6 g2 43. Kf6 g1=R 44. Ke6 Rf2 45. Ke5 Re1+ 46.
Kd4 Rd2+ 47. Kc3 Red1 48. Kb3 Rc1 49. Ka3 Rb1 50. Ka4 Ra2# 0-1

[Event "Barber/Rockefeller Qualifier"]
[Site "Chess.com"]
[Date "2020.04.11"]
[Round "?"]
[White "Smith, Cooper"]
[Black "Gajcowski, Hannah Nami"]
[Result "0-1"]
[WhiteElo "1195"]
[BlackElo "1128"]
[PlyCount "50"]
[EventDate "2020.??.??"]

1. Nf3 d5 2. b3 c5 3. Bb2 Nc6 4. e3 Nf6 5. Bb5 Bd7 6. O-O e6 7. d3 Bd6 8. Nbd2
O-O 9. c4 Qc7 10. Qc2 a6 11. Bxc6 Bxc6 12. Ne5 Bxe5 13. Bxe5 Qxe5 14. Nf3 Qd6
15. a3 d4 16. e4 Nd7 17. Rab1 f5 18. Ng5 fxe4 19. Nxe4 Bxe4 20. dxe4 Ne5 21. f4
Ng4 22. Qd2 e5 23. fxe5 Qxe5 24. Rxf8+ Rxf8 25. Qe2 Qxh2# 0-1

[Event "Barber/Rockefeller Qualifier"]
[Site "Chess.com"]
[Date "2020.04.11"]
[Round "?"]
[White "Razmov, Gabriel"]
[Black "Smith, Cooper"]
[Result "0-1"]
[WhiteElo "983"]
[BlackElo "1195"]
[PlyCount "130"]
[EventDate "2020.??.??"]

1. e4 c6 2. d4 d5 3. Nc3 dxe4 4. Nxe4 Bf5 5. Bd3 e6 6. Nf3 Nd7 7. O-O Bxe4 8.
Bxe4 Ngf6 9. Re1 Nxe4 10. Rxe4 Nf6 11. Bg5 Be7 12. Rh4 h6 13. Be3 Nd5 14. Re4
Nxe3 15. Rxe3 O-O 16. Qd3 c5 17. Rae1 cxd4 18. Nxd4 Bc5 19. Re4 Bxd4 20. Rxd4
Qe7 21. Rg4 Rfd8 22. Qc3 f6 23. Qh3 f5 24. Rg3 Kf8 25. Qh5 Qf7 26. Qh4 Rac8 27.
c3 Rd2 28. b3 Rcd8 29. h3 R8d7 30. Ree3 Rxa2 31. Ref3 Ra3 32. c4 a5 33. Rd3 a4
34. Rxd7 Qxd7 35. bxa4 Rxa4 36. Qh5 Rxc4 37. h4 Qf7 38. Qxf7+ Kxf7 39. Rh3 b5
40. g3 b4 41. Kf1 Rc3 42. Ke2 b3 43. Rh1 Rc2+ 44. Kd3 Rxf2 45. Rb1 Rf3+ 46. Kc4
Rxg3 47. h5 g5 48. Rxb3 Rxb3 49. Kxb3 g4 50. Kc2 g3 51. Kd2 g2 52. Ke2 g1=Q 53.
Kf3 Qg5 54. Kf2 Qg4 55. Ke3 Kf6 56. Kd3 Qf4 57. Kc3 Qe4 58. Kb3 Qd4 59. Kc2 Qe3
60. Kb2 Qd3 61. Ka2 Qc3 62. Kb1 Qd2 63. Ka1 Ke5 64. Kb1 Kd4 65. Ka1 Kc3 0-1

[Event "Barber/Rockefeller Qualifier"]
[Site "Chess.com"]
[Date "2020.04.11"]
[Round "?"]
[White "Narayan, Bhargav"]
[Black "Yuen, Owen"]
[Result "0-1"]
[WhiteElo "944"]
[BlackElo "1187"]
[PlyCount "103"]
[EventDate "2020.??.??"]

1. e4 c5 2. Bc4 d6 3. Nc3 Nf6 4. Nf3 g6 5. Ng5 e6 6. O-O Bg7 7. b3 O-O 8. Bb2
d5 9. exd5 Nxd5 10. Bxd5 Qxg5 11. Ne4 Qxd5 12. Bxg7 Kxg7 13. d3 b6 14. Qf3 f5
15. c4 Qc6 16. Ng5 Qxf3 17. Nxf3 Nd7 18. Ng5 Ne5 19. Rae1 Nxd3 20. Re3 Nf4 21.
g3 Nh5 22. Rxe6 Bxe6 23. Nxe6+ Kf6 24. Nxf8 Rxf8 25. Rd1 Ke7 26. Re1+ Kd6 27.
Rd1+ Kc6 28. Rd5 Nf6 29. Re5 Re8 30. Rxe8 Nxe8 31. Kg2 Kd6 32. Kf3 Ke6 33. Kf4
Kf6 34. h4 Nd6 35. g4 fxg4 36. Kxg4 Ne4 37. f4 Nd6 38. Kf3 h5 39. Kg3 Kf5 40.
Kf3 Ne8 41. Kg3 Ng7 42. a4 Ne6 43. a5 bxa5 44. b4 axb4 45. Kf3 b3 46. Ke3 b2
47. Kd3 b1=Q+ 48. Kc3 Qf1 49. Kb3 Nxf4 50. Kc3 Ke4 51. Kb3 Qd3+ 52. Ka4 0-1

[Event "Barber/Rockefeller Qualifier"]
[Site "Chess.com"]
[Date "2020.04.11"]
[Round "?"]
[White "Desai, Samara"]
[Black "Yuen, Owen"]
[Result "0-1"]
[WhiteElo "920"]
[BlackElo "1187"]
[PlyCount "36"]
[EventDate "2020.??.??"]

1. e4 c5 2. Nf3 d6 3. d4 cxd4 4. Nxd4 Nf6 5. Nc3 g6 6. Bd2 Bg7 7. Qc1 Nc6 8.
Nxc6 bxc6 9. Bh6 O-O 10. Bxg7 Kxg7 11. Bd3 c5 12. O-O Bb7 13. Re1 Rc8 14. Nb5
Qb6 15. Nc3 a6 16. Na4 Qc6 17. Nc3 Rfd8 18. e5 Qxg2# 0-1

[Event "Barber/Rockefeller Qualifier"]
[Site "Chess.com"]
[Date "2020.04.11"]
[Round "?"]
[White "Gajcowski, Hannah Nami"]
[Black "Yuen, Owen"]
[Result "1-0"]
[WhiteElo "1128"]
[BlackElo "1187"]
[PlyCount "61"]
[EventDate "2020.??.??"]

1. d4 d5 2. c4 e6 3. Nc3 Nf6 4. Bg5 Bb4 5. Nf3 O-O 6. e3 Nbd7 7. Bd3 c5 8. cxd5
exd5 9. O-O h6 10. Bh4 Bxc3 11. bxc3 c4 12. Bc2 Nb6 13. e4 Be6 14. e5 Nbd7 15.
exf6 Nxf6 16. Bxf6 Qxf6 17. Re1 Rfe8 18. Ne5 Qg5 19. Qf3 Qd2 20. Bf5 f6 21.
Bxe6+ Rxe6 22. Qxd5 Rae8 23. Ng6 Kf7 24. Rxe6 Rxe6 25. Nh4 Ke7 26. Qxb7+ Kf8
27. Ng6+ Kg8 28. h3 Kh7 29. Nf8+ Kg8 30. Nxe6 Qxc3 31. Qxg7# 1-0

[Event "Barber/Rockefeller Qualifier"]
[Site "Chess.com"]
[Date "2020.04.11"]
[Round "?"]
[White "Tameling, Cole"]
[Black "Desai, Samara"]
[Result "1-0"]
[WhiteElo "1170"]
[BlackElo "920"]
[PlyCount "107"]
[EventDate "2020.??.??"]

1. f4 Nc6 2. Nf3 d6 3. e3 Bg4 4. d4 Bxf3 5. Qxf3 Nf6 6. Bd3 e5 7. fxe5 dxe5 8.
c3 exd4 9. cxd4 Qe7 10. O-O Nb4 11. Bc4 Nc2 12. Qxb7 Rd8 13. Bb3 Nxa1 14. Ba4+
Nd7 15. Qxc7 g6 16. Nc3 Bg7 17. Nd5 Qe6 18. Bxd7+ Rxd7 19. Qc8+ Rd8 20. Nc7+
Ke7 21. Qxd8+ Kxd8 22. Nxe6+ fxe6 23. Rf2 Rf8 24. Rd2 Bh6 25. Re2 Re8 26. h4 e5
27. d5 Kd7 28. g4 g5 29. h5 Kd6 30. Rd2 Rc8 31. Rd1 Nc2 32. b3 Nb4 33. Ba3 a5
34. Rf1 Kd7 35. Rf7+ Ke8 36. Rxh7 Bf8 37. Rh8 Nc2 38. Rxf8+ Kd7 39. Rxc8 Kxc8
40. Bb2 Nxe3 41. h6 Nxg4 42. h7 Kd7 43. h8=Q Kd6 44. Qd8+ Kc5 45. Ba3+ Kd4 46.
d6 Ne3 47. d7 Nc2 48. Qb6+ Ke4 49. Qc6+ Kf5 50. Qxc2+ e4 51. d8=Q g4 52. Qd7+
Kf4 53. Bc1+ Ke5 54. Qc3# 1-0

[Event "Barber/Rockefeller Qualifier"]
[Site "Chess.com"]
[Date "2020.04.11"]
[Round "?"]
[White "Tameling, Cole"]
[Black "Vangala, Advaith"]
[Result "1-0"]
[WhiteElo "1170"]
[BlackElo "972"]
[PlyCount "41"]
[EventDate "2020.??.??"]

1. f4 f5 2. Nf3 Nf6 3. e3 e6 4. d4 d5 5. Bd3 Bd6 6. O-O O-O 7. Ne5 Ne4 8. Nc3
Nd7 9. Bd2 Nxc3 10. bxc3 Nxe5 11. fxe5 Be7 12. Qh5 Bd7 13. g4 g6 14. Qh3 fxg4
15. Qxg4 Rxf1+ 16. Rxf1 Be8 17. c4 dxc4 18. Bxc4 b5 19. Bxe6+ Kg7 20. Qf3 Bh4
21. Qf8# 1-0

[Event "Barber/Rockefeller Qualifier"]
[Site "Chess.com"]
[Date "2020.04.11"]
[Round "?"]
[White "Nelson, Ben"]
[Black "Bansal, Vivaan"]
[Result "0-1"]
[WhiteElo "1140"]
[BlackElo "983"]
[PlyCount "50"]
[EventDate "2020.??.??"]

1. e4 e5 2. Nf3 Nf6 3. d3 Nc6 4. Bg5 Bc5 5. Nc3 h6 6. Bh4 d6 7. Nd5 Bg4 8.
Nxf6+ gxf6 9. h3 Bxf3 10. Qxf3 Nd4 11. Bxf6 Qc8 12. Qd1 Rg8 13. c3 Nb5 14. d4
exd4 15. Bxb5+ c6 16. Bc4 dxc3 17. bxc3 d5 18. exd5 Qf5 19. Qe2+ Kf8 20. Bd4
Re8 21. Qxe8+ Kxe8 22. Bxc5 Rxg2 23. dxc6 Qxc5 24. cxb7 Qxf2+ 25. Kd1 Qd2# 0-1

[Event "Barber/Rockefeller Qualifier"]
[Site "Chess.com"]
[Date "2020.04.11"]
[Round "?"]
[White "Chapman, Toby"]
[Black "Nelson, Ben"]
[Result "0-1"]
[WhiteElo "999"]
[BlackElo "1140"]
[PlyCount "54"]
[EventDate "2020.??.??"]

1. e4 d5 2. Nc3 dxe4 3. Nxe4 Nc6 4. Bb5 Bd7 5. d4 Nxd4 6. Bxd7+ Qxd7 7. Be3 Nf5
8. Bc5 Rd8 9. Nc3 Nh4 10. g3 Qc6 11. Qh5 Qxh1 12. Qxh4 Qxg1+ 13. Ke2 Qxa1 14.
Ne4 Qd1+ 15. Ke3 Qxc2 16. Ng5 f6 17. Qh5+ g6 18. Qg4 Qd3+ 19. Kf4 fxg5+ 20.
Qxg5 Bh6 21. Bxe7 Nxe7 22. Qxh6 Qd2+ 23. Ke5 Qxh6 24. Kf6 Rf8+ 25. Ke6 g5+ 26.
Ke5 Rd5+ 27. Ke4 Qe6# 0-1

[Event "Barber/Rockefeller Qualifier"]
[Site "Chess.com"]
[Date "2020.04.11"]
[Round "?"]
[White "Nelson, Ben"]
[Black "Razmov, Gabriel"]
[Result "1-0"]
[WhiteElo "1140"]
[BlackElo "983"]
[PlyCount "65"]
[EventDate "2020.??.??"]

1. e4 d5 2. exd5 Qxd5 3. Nc3 Qa5 4. Qf3 Nf6 5. Bb5+ c6 6. Ba4 Bf5 7. d3 e6 8.
Bb3 Nbd7 9. Bd2 Qc7 10. Nge2 Be7 11. Nd4 Bg6 12. Bf4 Bd6 13. Bxd6 Qxd6 14.
O-O-O Qxd4 15. Ne2 Qd6 16. Nf4 Bh5 17. Nxh5 Nxh5 18. Qxh5 O-O 19. c3 Qf4+ 20.
Kb1 Qxf2 21. Bc2 g6 22. Qh3 Rad8 23. Rhf1 Qb6 24. d4 a5 25. Qh6 Ra8 26. h4 Nf6
27. Rxf6 a4 28. a3 Qa5 29. Rh1 Rfb8 30. h5 b5 31. hxg6 b4 32. Qxh7+ Kf8 33.
Qxf7# 1-0

[Event "Barber/Rockefeller Qualifier"]
[Site "Chess.com"]
[Date "2020.04.11"]
[Round "?"]
[White "Stein, Joshua"]
[Black "Gajcowski, Hannah Nami"]
[Result "0-1"]
[WhiteElo "959"]
[BlackElo "1128"]
[PlyCount "42"]
[EventDate "2020.??.??"]

1. e4 e5 2. Nf3 Nc6 3. Bc4 Bc5 4. c3 Nf6 5. d3 O-O 6. Bg5 d6 7. h3 h6 8. Bh4
Bd7 9. O-O Re8 10. Re1 Qe7 11. Bxf6 Qxf6 12. d4 exd4 13. cxd4 Nxd4 14. Nxd4
Bxd4 15. Nc3 Qxf2+ 16. Kh1 Be5 17. Nd5 Qg3 18. Kg1 Bxh3 19. Qd2 Bd4+ 20. Kh1
Bf2 21. Nxc7 Qxg2# 0-1

[Event "Barber/Rockefeller Qualifier"]
[Site "Chess.com"]
[Date "2020.04.11"]
[Round "?"]
[White "Gajcowski, Hannah Nami"]
[Black "Narayan, Bhargav"]
[Result "1-0"]
[WhiteElo "1128"]
[BlackElo "944"]
[PlyCount "35"]
[EventDate "2020.??.??"]

1. d4 d5 2. c4 e5 3. cxd5 exd4 4. Nf3 Qxd5 5. Qxd4 Bb4+ 6. Qxb4 Nc6 7. Qd2
Qxd2+ 8. Bxd2 Bf5 9. e3 O-O-O 10. Bb5 Be4 11. Nc3 Bxf3 12. gxf3 Ne5 13. O-O-O
Nxf3 14. Rdf1 Nxd2 15. Rfg1 Nf3 16. Rxg7 Rd2 17. Rxf7 Rxf2 18. Rf8# 1-0

[Event "Barber/Rockefeller Qualifier"]
[Site "Chess.com"]
[Date "2020.04.11"]
[Round "?"]
[White "Chapman, Toby"]
[Black "Narayan, Bhargav"]
[Result "0-1"]
[WhiteElo "999"]
[BlackElo "944"]
[PlyCount "92"]
[EventDate "2020.??.??"]

1. e4 e5 2. Nf3 d6 3. Nc3 Bg4 4. Be2 Nc6 5. h3 Bxf3 6. Bxf3 Nd4 7. d3 Nxf3+ 8.
Qxf3 Nf6 9. Bg5 Be7 10. Bxf6 Bxf6 11. Nd5 Bg5 12. O-O O-O 13. Qf5 g6 14. Qg4
Bh6 15. c4 Bg7 16. Ne3 c5 17. b3 Rc8 18. Rfe1 Rc6 19. Rad1 Bf6 20. d4 exd4 21.
Nd5 Ra6 22. Nxf6+ Qxf6 23. f3 Rxa2 24. Ra1 Rb2 25. Rxa7 Rxb3 26. Rea1 Rc3 27.
Ra8 Kg7 28. Rxf8 Kxf8 29. Qc8+ Kg7 30. Ra8 Rc1+ 31. Kf2 Qh4+ 32. Ke2 Qe1+ 33.
Kd3 Qc3+ 34. Ke2 Re1+ 35. Kf2 Qe3+ 36. Kg3 Qg5+ 37. Kf2 Qh4+ 38. g3 Qxh3 39.
Kxe1 Qg2 40. Qg8+ Kf6 41. Qd8+ Kg7 42. Qxd6 Qg1+ 43. Ke2 Qe3+ 44. Kf1 d3 45.
Rd8 Qxf3+ 46. Ke1 Qe2# 0-1

[Event "Barber/Rockefeller Qualifier"]
[Site "Chess.com"]
[Date "2020.04.11"]
[Round "?"]
[White "Bansal, Vivaan"]
[Black "Fong, Matthew"]
[Result "0-1"]
[WhiteElo "983"]
[BlackElo "823"]
[PlyCount "116"]
[EventDate "2020.??.??"]

1. e4 e6 2. Nc3 d5 3. exd5 exd5 4. Qf3 Nf6 5. Nh3 Bg4 6. Qf4 Bd6 7. Qa4+ c6 8.
Nxd5 Nxd5 9. Qxg4 O-O 10. d3 f5 11. Qh5 Qe8+ 12. Be2 Qxh5 13. Bxh5 Nd7 14. O-O
Ne5 15. c4 Nf6 16. Bd1 Neg4 17. f3 Nxh2 18. Kf2 Nxf1 19. Kxf1 Rfe8 20. f4 Re7
21. Be2 Rae8 22. Ng1 Bc5 23. d4 Bxd4 24. Nf3 Rxe2 25. Nxd4 Re1+ 26. Kf2 R1e4
27. Nf3 Re2+ 28. Kg3 Nh5+ 29. Kh2 R8e4 30. Ng5 Rxf4 31. Bxf4 Nxf4 32. Rd1 Rxg2+
33. Kh1 Rxg5 34. Re1 Rh5+ 35. Kg1 Rg5+ 36. Kf1 Rh5 37. b4 Rh1+ 38. Kf2 Rxe1 39.
Kxe1 Nd3+ 40. Kd2 Nxb4 41. a3 Na6 42. a4 h5 43. Ke2 Kf7 44. Kf2 Kg6 45. Kg2 Kg5
46. Kh2 Kg4 47. a5 b6 48. axb6 axb6 49. Kg2 b5 50. cxb5 cxb5 51. Kg1 Kg3 52.
Kh1 Kf2 53. Kh2 b4 54. Kh3 b3 55. Kh2 b2 56. Kh3 b1=Q 57. Kh2 Qg1+ 58. Kh3 Qg3#
0-1

[Event "Barber/Rockefeller Qualifier"]
[Site "Chess.com"]
[Date "2020.04.11"]
[Round "?"]
[White "Narayan, Bhargav"]
[Black "Vangala, Advaith"]
[Result "1-0"]
[WhiteElo "944"]
[BlackElo "972"]
[PlyCount "119"]
[EventDate "2020.??.??"]

1. e4 e5 2. Nf3 Nc6 3. Nc3 Bc5 4. Bc4 Nf6 5. Ng5 O-O 6. O-O h6 7. Nf3 Ne7 8.
Nxe5 d6 9. Nxf7 Rxf7 10. Bxf7+ Kxf7 11. Qe2 d5 12. exd5 Nexd5 13. Qc4 b6 14.
Nxd5 Nxd5 15. Re1 Be6 16. Qe2 Nf4 17. Qe5 Bd6 18. Qd4 Bc5 19. Qxd8 Rxd8 20. d3
Bd5 21. Bxf4 Re8 22. Rxe8 Kxe8 23. Bxc7 Kd7 24. Bg3 Bd6 25. Bxd6 Kxd6 26. Re1
Bxa2 27. f4 Be6 28. d4 g5 29. fxg5 hxg5 30. Re5 g4 31. h4 gxh3 32. gxh3 Bxh3
33. Rh5 Bg4 34. Rh6+ Kd5 35. c3 Kc4 36. Rc6+ Kd5 37. Rg6 Bf5 38. Rg5 Ke6 39.
d5+ Kf6 40. Rh5 Ke5 41. c4 Kf6 42. Rh6+ Kg7 43. Rc6 Kf7 44. Rc7+ Ke8 45. d6 Kd8
46. Kf2 Bd3 47. b3 Bc2 48. b4 Bd3 49. c5 bxc5 50. bxc5 a6 51. c6 Bf5 52. Kf3
Bh3 53. Kg3 Bf5 54. Kf4 Bh3 55. Ke5 Bg4 56. Kf6 Bh3 57. Kf7 Bf5 58. Kf6 Bg4 59.
Rg7 Bh3 60. Rg8# 1-0

[Event "Barber/Rockefeller Qualifier"]
[Site "Chess.com"]
[Date "2020.04.11"]
[Round "?"]
[White "Fong, Matthew"]
[Black "Desai, Samara"]
[Result "0-1"]
[WhiteElo "823"]
[BlackElo "920"]
[PlyCount "68"]
[EventDate "2020.??.??"]

1. e4 e5 2. Nf3 Nc6 3. Bc4 Be7 4. d3 Nf6 5. Nc3 O-O 6. Bg5 Bb4 7. O-O Bxc3 8.
bxc3 d6 9. d4 exd4 10. cxd4 Bg4 11. Qe2 Nxd4 12. Qd3 Nxf3+ 13. gxf3 Bh3 14.
Rfe1 Bd7 15. e5 dxe5 16. Rxe5 Bc6 17. Bxf6 Qxf6 18. Rh5 Qxa1+ 19. Kg2 g6 20.
Rh4 Qf6 21. Qe3 Qxh4 22. Kf1 Qxh2 23. Qe7 Bxf3 24. Ke1 Qg1+ 25. Bf1 Rae8 26.
Qxe8 Rxe8+ 27. Kd2 Qxf1 28. Kc3 Qe1+ 29. Kb2 Qxf2 30. Ka3 Re3+ 31. Ka4 Qxc2+
32. Kb4 Qf5 33. Kc4 Qf4+ 34. Kc5 Re5# 0-1